La integración sudamericana en los umbrales del siglo XXI (Registro nro. 23223)

Detalles MARC
000 -LEADER
fixed length control field 00355 a2200109 4500
001 - CONTROL NUMBER
control field ART_10724
005 - DATE AND TIME OF LATEST TRANSACTION
control field 20260410161831.0
008 - FIXED-LENGTH DATA ELEMENTS--GENERAL INFORMATION
fixed length control field 260409a
100 1# - MAIN ENTRY--PERSONAL NAME
Personal name Jacobo, Alejandro D.
245 10 - TITLE STATEMENT
Title La integración sudamericana en los umbrales del siglo XXI
773 0# - HOST ITEM ENTRY
Title Actualidad Económica
Related parts - Año XVI, Nº 60 (sep./dic. 2006)
Record control number REV5083

No hay ítems disponibles.